|
|
|
|
| LEADER |
01162nam a22002534a 4500 |
| 001 |
5320 |
| 003 |
BD-DhAAL |
| 008 |
150907s2004 enka 001 0 eng d |
| 010 |
|
|
|a 2004004843
|
| 020 |
|
|
|a 0749443278
|
| 020 |
|
|
|a 0749440945
|
| 040 |
|
|
|a DLC
|c DLC
|d DLC
|d BD-DhAAL
|
| 082 |
0 |
0 |
|a 658.4/04
|2 22
|
| 100 |
1 |
|
|a Orr, Alan D.
|9 14432
|
| 245 |
1 |
0 |
|a Advanced project management :
|b a complete guide to the processes, models and techniques /
|c Alan D. Orr.
|
| 260 |
|
|
|a London ;
|a Sterling, VA :
|b Kogan Page,
|c 2004.
|
| 300 |
|
|
|a iv, 242 p. :
|b ill. ;
|c 24 cm.
|
| 500 |
|
|
|a Includes index.
|
| 505 |
0 |
|
|a Starting an advanced project successfully -- Building the macro plan -- Building the detailed project plan -- Building the project team -- How to run the project on a day-to-day basis -- Monitoring and controlling the project -- Successfully shutting down the project -- Emergency actions.
|
| 541 |
1 |
|
|e 5320
|
| 650 |
|
0 |
|a Project management.
|9 14433
|
| 942 |
|
|
|2 ddc
|c BK
|
| 999 |
|
|
|c 35452
|d 35452
|
| 952 |
|
|
|0 0
|1 0
|2 ddc
|4 0
|6 658_400000000000000_04_ORR
|7 0
|9 55747
|a SCL
|b SCL
|c GEN
|d 2015-09-07
|g 851.00
|l 1
|m 4
|o 658.404 ORR
|p 3020005320
|r 2018-12-05
|s 2018-10-11
|t 1
|w 2015-09-07
|y BK
|